Представление документа в формате RUSMARC

ПолеНазваниеЗначение
  Тип записи a
  Библиографический уровень m
001 Контрольный номер RU/REG73/CBS_GRAD/0800c7f257754334bd789bf276b3671b
005 Дата корректировки 20250904134756.6
010 Индекс ISBN __
b Уточнения в пер.
9 Тираж 260000 экз.
100 Данные общей обработки __
a Данные общей обработки 20250904d 2012|||y0rusy0189## ca
101 Язык документа 0_
a Язык текста rus
102 Страна публикации __
a Страна публикации RU
105 Кодированные данные (монография) __
a Кодированные данные (монография) a z 000yy
200 Заглавие и сведения об ответственности 1_
a Заглавие Александр I
b Общее обозначение материала Текст
e Сведения, относящиеся к заглавию Т. 1. Царь-вольнодумец (1801-1825 годы правления)
f Первые сведения об ответственности Сергей Юрьевич Нечаев
g Последующие сведения об ответственности редактор М. С. Фокина
203 Вид содержания и тип средства __
a Вид содержания Текст
b Характеристика содержания визуальный
c Тип средства непосредственный
210 Выходные данные 1_
a Место издания Москва
c Издательство Ашет Коллекция
d Дата издания 2012
215 Физическое описание __
a Объем 48 с.
c Иллюстрации/тип воспроизводства ил.
d Формат 27 см
225 Серия 1_
a Серия Российские князья, цари, императоры
606 Тематические рубрики 0_
a Основная рубрика История России
610 Ключевые слова 0_
a Ключевые слова аракчеевщина; война 1812 года; прогрессивные преобразования; реформы Сперанского; Священный союз
686 Индексы других классификаций __
a Классификационный индекс 63.3(2)47
2 Код системы rubbk
700 Автор _1
a Фамилия Нечаев
b Имя (инициалы) С. Ю.
g Полное личное имя Сергей Юрьевич
4 Код отношения 070
702 Вторичная интеллектуальная ответственность _1
a Фамилия Фокина
b Имя (инициалы) М. С.
g Полное личное имя Мария Станиславовна
4 Код отношения 340
801 Источник записи _0
a Страна RU
b Организация RuCBSGrad
c Дата составления 20250904
g Правила каталогизации RCR
801 Источник записи _1
a Страна RU
b Организация RuCBSGrad
c Дата составления 20250904
g Правила каталогизации RCR
852 Данные о местонахождении __
a Наименование организации МБУК "ЦБС г.Димитровграда"
i Авторский знак Н 59
901 Тип документа __
t Тип документа m
909 Создатель записи __
a Создатель записи Гонюкова
b Дата создания записи 20250904